La pérdida de las Américas / (Record no. 156808)

MARC details
000 -LEADER
campo de control de longitud fija 01000nam a2200217 i 4500
001 - NÚMERO DE CONTROL
campo de control 156808
003 - IDENTIFICADOR DE NÚMERO DE CONTROL
campo de control ES-MaACL
005 - FECHA Y HORA DE LA ÚLTIMA TRANSACCIÓN
campo de control 20231227062554.0
008 - DATOS DE LONGITUD FIJA--INFORMACIÓN GENERAL
campo de control de longitud fija 931025s1869 sp |||| | spa d
080 ## - NÚMERO DE LA CLASIFICACIÓN DECIMAL UNIVERSAL
Número de la Clasificación Decimal Universal 94(729.1)"1868/78"
100 1# - ENTRADA PRINCIPAL--NOMBRE DE PERSONA
Nombre de persona Labra, Rafael M. de,
Fechas asociadas al nombre 1840-1918
9 (RLIN) 69273
245 13 - MENCIÓN DEL TÍTULO
Título La pérdida de las Américas /
Mención de responsabilidad, etc. por Rafael M. de Labra.
260 ## - PUBLICACIÓN, DISTRIBUCIÓN, ETC.
Lugar de publicación, distribución, etc. Madrid :
Nombre del editor, distribuidor, etc. [s.n.],
Fecha de publicación, distribución, etc. 1869 (
Fabricante Imp. a cargo de Francisco Roig)
300 ## - DESCRIPCIÓN FÍSICA
Extensión 74, [3] p. ;
Dimensiones 15 cm.
530 ## - NOTA DISPONIBLE DE FORMULARIO FÍSICO ADICIONAL
Nota de formato físico adicional disponible Disponible también en sitio web.
594 ## - Nota al título y mención de responsabilidad
Nota al título y mención de responsabilidad Artículos publicados en: Los conocimientos útiles.
651 #4 - PUNTO DE ACCESO ADICIONAL DE MATERIA--NOMBRE GEOGRÁFICO
Nombre geográfico Cuba-
Subdivisión general Historia-
Subdivisión cronológica 1868-1878, Guerra de los Diez Años.
9 (RLIN) 8103
852 ## - LOCALIZACIÓN
Ubicación ES-MaACL
Número de control de estantería T-161-F-8
Nota libre . - Enc. hol.
-- . - Dedicatoria autógrafa del autor al Ateneo de Madrid, 1869
condición física . - Falto de cub. original
Nota libre . - Enc. en vol. facticio
856 ## - LOCALIZACIÓN Y ACCESO ELECTRÓNICOS
Identificador Uniforme de Recursos <a href="http://bibliotecadigitalhispanica.bne.es:80/webclient/DeliveryManager?pid=1097886&custom_att_2=simple_viewer">http://bibliotecadigitalhispanica.bne.es:80/webclient/DeliveryManager?pid=1097886&custom_att_2=simple_viewer</a>
Nota pública Ir a la página
Holdings
Estatus retirado Estado de pérdida Fuente del sistema de clasificación o colocación Estado de daño No para préstamo Colección Biblioteca de origen Biblioteca actual Ubicación en estantería Fecha de adquisición Total de préstamos Signatura topográfica completa Código de barras Visto por última vez Precio de reemplazo Tipo de ítem Koha Nota pública
    Clasificación decimal universal     Colección de folletos Biblioteca del Ateneo de Madrid Biblioteca del Ateneo de Madrid Depósito folletos 17/01/2008   T-161-F-8 1164061 23/02/2023 23/02/2023 Folleto Dedicatoria autógrafa del autor